| 000 | 01342nam a2200349 a 4500 | ||
|---|---|---|---|
| 001 | ebr10468298 | ||
| 003 | CaPaEBR | ||
| 006 | m u | ||
| 007 | cr cn||||||||| | ||
| 008 | 100914s2011 nyuabd sb 001 0 eng d | ||
| 010 | _z 2010037549 | ||
| 020 | _z9783110229707 | ||
| 020 | _z9783110229714 (e-book) | ||
| 040 |
_aCaPaEBR _cCaPaEBR |
||
| 035 | _a(OCoLC)732957439 | ||
| 043 |
_ar------ _at------ |
||
| 050 | 1 | 4 |
_aQK579 _b.B56 2011eb |
| 082 | 0 | 4 |
_a579.8/17760911 _222 |
| 245 | 0 | 0 |
_aBiology of polar benthic algae _h[electronic resource] / _cedited by Christian Wiencke. |
| 260 |
_aNew York : _bDe Gruyter, _cc2011. |
||
| 300 |
_axiv, 337 p. : _bill. (some col.), col. map. |
||
| 490 | 1 | _aMarine and freshwater botany | |
| 504 | _aIncludes bibliographical references and index. | ||
| 533 |
_aElectronic reproduction. _bPalo Alto, Calif. : _cebrary, _d2013. _nAvailable via World Wide Web. _nAccess may be limited to ebrary affiliated libraries. |
||
| 650 | 0 |
_aMarine algae _zPolar Regions. |
|
| 650 | 0 |
_aBenthic plants _zPolar Regions. |
|
| 655 | 7 |
_aElectronic books. _2local |
|
| 700 | 1 | _aWiencke, Christian. | |
| 710 | 2 | _aebrary, Inc. | |
| 830 | 0 | _aMarine and freshwater botany. | |
| 856 | 4 | 0 |
_uhttp://site.ebrary.com/lib/rucke/Doc?id=10468298 _zAn electronic book accessible through the World Wide Web; click to view |
| 999 |
_c131635 _d131635 |
||